书目信息 |
| 题名: |
现代功能材料性质与制备研究
|
|
| 作者: | 王贺权 , 曾威 , 所艳华 主编 | |
| 分册: | ||
| 出版信息: | 北京 中国水利水电出版社 2014 |
|
| 页数: | 379页 | |
| 开本: | 26cm | |
| 丛书名: | ||
| 单 册: | ||
| 中图分类: | TB34 | |
| 科图分类: | ||
| 主题词: | 功能材料--性质--研究 , 功能材料--制备--研究 , 功能材料 , 性质 , 制备 | |
| 电子资源: | ||
| ISBN: | 978-7-5170-2080-6 | |
| 000 | 01189nam0 2200301 450 | |
| 001 | 012015000574 | |
| 005 | 20150914103252.62 | |
| 010 | @a978-7-5170-2080-6@dCNY79.00 | |
| 100 | @a20141209d2014 em y0chiy50 ea | |
| 101 | 0 | @achi |
| 102 | @aCN@b110000 | |
| 105 | @aa z 000yy | |
| 106 | @ar | |
| 200 | 1 | @a现代功能材料性质与制备研究@Axian dai gong neng cai liao xing zhi yu zhi bei yan jiu@f王贺权,曾威,所艳华主编 |
| 210 | @a北京@c中国水利水电出版社@d2014 | |
| 215 | @a379页@c图@d26cm | |
| 330 | @a本书从功能材料体系出发,系统、扼要地讨论了各种功能材料的组成、结构、性能、制备和应用。主要内容包括。晶体学基础、金属功能材料、无机功能材料、功能晶体材料、功能高分子材料、功能复合材料、功能膜材料、隐身材料、形状记忆材料、智能材料、纳米功能材料、功能转换材料和新型功能材料等,强调功能材料与具体物件的紧密结合及应用。 | |
| 606 | 0 | @a功能材料@x性质@x研究 |
| 606 | 0 | @a功能材料@x制备@x研究 |
| 606 | 0 | @a功能材料 |
| 606 | 0 | @a性质 |
| 606 | 0 | @a制备 |
| 690 | @aTB34@v5 | |
| 701 | 0 | @a王贺权@Awang he quan@f(1973-)@4主编 |
| 701 | 0 | @a曾威@Azeng wei@4主编 |
| 701 | 0 | @a所艳华@Asuo yan hua@f(1980-)@4主编 |
| 801 | 0 | @aCN@b碧洲教育@c20150718 |
| 905 | @a10447@f4@dTB34@e248 | |
| 现代功能材料性质与制备研究/王贺权,曾威,所艳华主编.-北京:中国水利水电出版社,2014 |
| 379页:图;26cm |
| ISBN 978-7-5170-2080-6:CNY79.00 |
| 本书从功能材料体系出发,系统、扼要地讨论了各种功能材料的组成、结构、性能、制备和应用。主要内容包括。晶体学基础、金属功能材料、无机功能材料、功能晶体材料、功能高分子材料、功能复合材料、功能膜材料、隐身材料、形状记忆材料、智能材料、纳米功能材料、功能转换材料和新型功能材料等,强调功能材料与具体物件的紧密结合及应用。 |
| ● |
| 相关链接 |
|
|
|
|
正题名:现代功能材料性质与制备研究
索取号:TB34/248
 
预约/预借
| 序号 | 登录号 | 条形码 | 馆藏地/架位号 | 状态 | 备注 |
| 1 | 0848859 | 208488590 | 第二样本阅览室/ [索取号:TB34/248] | 在馆 | |
| 2 | 0848860 | 208488607 | 第三借阅区/ [索取号:TB34/248] | 在馆 | |
| 3 | 0848861 | 208488616 | 第三借阅区/ [索取号:TB34/248] | 在馆 | |
| 4 | 0848862 | 208488625 | 第三借阅区/ [索取号:TB34/248] | 在馆 |